| 000 | 01063nam a22001817a 4500 | ||
|---|---|---|---|
| 005 | 20241003152955.0 | ||
| 008 | 230714b ||||| |||| 00| 0 eng d | ||
| 040 |
_cSSBUL _dSSBUL |
||
| 082 |
_223 _a၂၉၄.၃၀၇၁ သာ _b၁၆၀၂၇ (S-SAT) |
||
| 110 |
_aသာသနာရေးဦးစီးဌာန _954828 |
||
| 245 |
_aအခြေခံဗုဒ္ဓဘာသာ ယဉ်ကျေးမှုသင်တန်း ၉ နှစ်ခရီး / _cသာသနာရေးဦးစီးဌာန။ |
||
| 260 |
_aရန်ကုန်၊ _bသာသနာရေးဦးစီးဌာနပုံနှိပ်တိုက်၊ _c၂၀၀၀။ |
||
| 300 |
_a၃၂ စာမျက်နှာ၊ _bဓာတ်ပုံများ၊ _c၁၉ စင်တီ။ |
||
| 500 | _aS-SAT: Dr. Sai Aung Tun | ||
| 650 |
_aဗုဒ္ဓဘာသာ _vလေ့လာရေးနှင့် သင်ကြားခြင်း။ _928038 |
||
| 650 |
_aဗုဒ္ဓဘာသာ ယဉ်ကျေးမှု။ _928039 |
||
| 942 |
_2ddc _cBK1 |
||
| 999 |
_c27238 _d27238 |
||